| 000 | 01047nam a22002537a 4500 | ||
|---|---|---|---|
| 003 | SEM | ||
| 005 | 20260623165505.0 | ||
| 008 | 260623s1987 ai ||||gr||||||01|||arm|d | ||
| 040 |
_aSEM _cSEM |
||
| 041 | _aarm | ||
| 080 | _a891.981-3/Դ-35 | ||
| 100 | _aԴեմիրճյան, Դերենիկ | ||
| 245 |
_aՎարդանանք : _bՊատմավեպ / _cԴ. Դեմիրճյան ; Ծանոթագր.՝ Կ. Տիրատուրյան, Ա. Բեժանյան ; Խմբ.՝ Օ. Պապոյան |
||
| 260 |
_aԵրևան : _bԼույս, _c1987. |
||
| 300 |
_a1004 էջ ; _bնկ. ; _c21 սմ |
||
| 504 | _aԾանոթագր.՝ էջ 978-996; Տեղանուն. բառարան՝ էջ 997-1004 | ||
| 650 |
_aՀայ գրականություն _xպատմավեպ |
||
| 650 |
_aԳեղարվեստական գրականություն _xպատմավեպ |
||
| 653 | _aՍԷՄ | ||
| 700 |
_aՏիրատուրյան Կ. _eծանոթագր. _4cmm. |
||
| 700 |
_aԲեժանյան, Ա. _eծանոթագր. _4cmm. |
||
| 700 |
_aՊապոյան, Օ. _eխմբ. _4edt. |
||
| 942 |
_2udc _cBK _n0 |
||
| 999 |
_c77324 _d77324 |
||